Statistics for Scooter tricks and grinds

Click here to take the quiz!

General Stats

  • This quiz has been taken 48 times
  • The average score is 10 of 19

Answer Stats

Answer% Correct
bri
92%
tailwhip
92%
barspin
88%
360
75%
buttercup
71%
50-50
67%
kickless
67%
backflip
63%
frontflip
63%
boardslide
50%
feeble
50%
inward
42%
smith
42%
rewind
38%
bar twist
21%
deck grab
17%
flare
8%
hurricane
8%
lipslide
8%

Score Distribution

Percentile by Number Answered

Percent of People with Each Score

Your Score History

You have not taken this quiz